000
00298nam a22001337a 4500
008
181217b xxu||||| |||| 00| 0 eng d
020
_a
0443011001
041
_a
eng
080
_2
5th
_a
610
100
_a
4
101
_a
SHM
245
_a
Notes on Medical Virology
_c
Timbury,M.C
942
_2
udc
_c
BK
999
_c
53197
_d
53197